Lelkiségtörténeti számvetés

Podrobná bibliografia
Médium: Kniha
Jazyk:maďarčina
Fyzický popis:192 s. 23 cm
Vydavateľské údaje: Piliscsaba Pázmány Péter Katolikus Egyetem, Bölcsészettudományi Kar 2008
ISBN:9789639206700 (brož.)
ISSN:2060-7385
Edícia:Pázmány irodalmi műhely Lelkiségtörténeti tanulmányok
Predmet:

MARC

LEADER 00000nam a2200000 a 4500
001 vtls010315926
003 SK-MaSNL
005 20260302082303.0
008 251029s2008 hu 001 0 hun
015 |a SNBZSA2012-00797 
020 |a 9789639206700 (brož.) 
035 |a F6165568-B3C1-45DE-B418-649FC00C403C 
035 |a urn:nbn:sk:snk-aml68f 
035 |a urn:nbn:sk:snk-am008uuy 
040 |a SNK  |b slo  |c SNK  |e AACR2 
041 0 |a hun 
044 |a hu  |c HU 
072 7 |a 27  |x Kresťanstvo. Kresťanská cirkev všeobecne. Ekleziológia  |2 konspekt 
080 |a 27-584/-587  |x (082)  |2 2001 
080 |a 27  |2 2001 
245 0 0 |a Lelkiségtörténeti számvetés  |c szerkesztette Szelestei N. László 
260 |a Piliscsaba  |b Pázmány Péter Katolikus Egyetem, Bölcsészettudományi Kar  |c 2008 
300 |a 192 s.  |c 23 cm 
490 1 |a Pázmány irodalmi műhely  |a Lelkiségtörténeti tanulmányok  |x 2060-7385  |v 1 
504 |a Bibliogr. Res. 
650 0 7 |a duchovný život  |2 snkph  |9 1807 
650 0 7 |a kresťanstvo  |2 snkph  |9 2024 
650 0 7 |a mystika  |2 snkph  |9 1827 
655 7 |a zborníky  |2 snkph  |9 70165 
700 1 |a Szelestei, N. László,  |d 1947-  |4 red  |9 600844 
830 0 |a Pázmány irodalmi műhely  |p Lelkiségtörténeti tanulmányok  |9 748789 
919 |a 978-963-9206-70-0 
958 |a OND 
999 |c 1179538  |d 1181468 
952 |a SNK  |b SNK  |y PREZ  |7 0  |p 17A0746680  |o snkSC 147085  |i snk2011/22100  |8 2  |g 6.19  |0 0  |1 0  |4 0  |d 2011-10-03  |f 1  |l 0  |r 2025-07-16 00:00:00  |w 2026-02-24